000
00349 a2200169 4500
001
189485
020
_a
978-85-60276-13-4
040
_c
Magnum
100
_a
Martins, Denise
240
1
0
_a
O voo do xico
_l
por
245
1
0
_a
O voo do xico
300
_a
32
362
0
_a
2009
440
1
_a
Uni Duni
697
_a
LITERATURA INFANTO
942
_c
BK
999
_c
189485
_d
189485